[Event "POL-chT 2nd League"]
[Site "Lublin"]
[Date "2006.09.09"]
[Round "8.103"]
[White "Zuk, Andrzej"]
[Black "Winter, Jacek"]
[Result "0-1"]
[WhiteElo "2072"]
[BlackElo "2115"]
[PlyCount "70"]
[EventDate "2006.09.02"]
[EventType "team-swiss"]
[EventRounds "9"]
[EventCountry "POL"]
[SourceTitle "EXT 2019"]
[Source "ChessBase"]
[SourceDate "2018.10.10"]
[SourceVersion "1"]
[SourceVersionDate "2018.10.10"]
[SourceQuality "1"]
[WhiteTeam "Lublin AZS UMCS II"]
[BlackTeam "Przedwojow Debiut"]
[WhiteTeamCountry "POL"]
[BlackTeamCountry "POL"]

1. e4 e5 2. Nf3 Nc6 3. Bb5 Nf6 4. Qe2 Be7 5. c3 0-0 6. d3 d6 7. Nbd2 a6 8. Ba4 b5 9. Bb3 Na5 10. Bc2 c5 11. d4 cxd4 12. cxd4 Qc7 13. Nb3 Nc4 14. 0-0 a5 15. Bd3 Bd7 16. Nbd2 Rfc8 17. b3 Nxd2 18. Bxd2 b4 19. Rac1 Qb8 20. Rxc8+ Bxc8 21. dxe5 dxe5 22. Bc4 h6 23. Nh4 Bb7 24. Nf5 Bf8 25. f3 a4 26. Qe1 axb3 27. axb3 Ba6 28. Bxa6 Rxa6 29. g4 Ra2 30. g5 hxg5 31. Bxg5 Nh5 32. Qh4 g6 33. Kh1 Qb5 34. Re1 Qd3 35. Ne3 Qxb3 0-1

[Event "Lubawka op"]
[Site "Lubawka"]
[Date "2006.07.14"]
[Round "7"]
[White "Winter, Jacek"]
[Black "Lagowski, Patryk"]
[Result "1/2-1/2"]
[WhiteElo "2115"]
[BlackElo "2392"]
[PlyCount "80"]
[EventDate "2006.07.08"]
[EventType "swiss"]
[EventRounds "9"]
[EventCountry "POL"]
[SourceTitle "EXT 2008"]
[Source "ChessBase"]
[SourceDate "2007.11.25"]
[SourceVersion "1"]
[SourceVersionDate "2007.11.25"]
[SourceQuality "1"]

1. e4 c5 2. Nf3 a6 3. d4 cxd4 4. Nxd4 e5 5. Nf3 Nf6 6. Bc4 Be7 7. 0-0 d6 8. Nc3 0-0 9. h3 Be6 10. Qe2 b5 11. Bb3 b4 12. Nd5 Nxd5 13. exd5 Bc8 14. a3 bxa3 15. Rxa3 Nd7 16. Be3 f5 17. Rfa1 Bf6 18. Bc4 f4 19. Bc1 Nc5 20. Nd2 Rb8 21. c3 e4 22. Nxe4 f3 23. Qe3 Nxe4 24. Qxe4 fxg2 25. Bd3 g6 26. Qxg2 Bh4 27. f3 Bf5 28. Bf1 Qb6+ 29. Kh2 Be4 30. c4 Qd4 31. Re3 Rxf3 32. Rxf3 Bxf3 33. Qxf3 Rxb2+ 34. Bxb2 Qxb2+ 35. Be2 Qxa1 36. Qe4 Qe1 37. Qe3 Bf6 38. Kg2 Qb4 39. Qe8+ Kg7 40. Qd7+ Kh6 1/2-1/2

[Event "POL-chT 2nd League"]
[Site "Wysowa"]
[Date "2005.09.02"]
[Round "7.61"]
[White "Winter, Jacek"]
[Black "Dobrowolski, Aleksander"]
[Result "1/2-1/2"]
[WhiteElo "2106"]
[BlackElo "2282"]
[PlyCount "110"]
[EventDate "2005.08.27"]
[EventType "team-swiss"]
[EventRounds "9"]
[EventCountry "POL"]
[SourceTitle "EXT 2019"]
[Source "ChessBase"]
[SourceDate "2018.10.10"]
[SourceVersion "1"]
[SourceVersionDate "2018.10.10"]
[SourceQuality "1"]
[WhiteTeam "Przedwojow Debiut"]
[BlackTeam "Wroclaw AZS Politechnika"]
[WhiteTeamCountry "POL"]
[BlackTeamCountry "POL"]

1. e4 c5 2. Nf3 Nc6 3. d4 cxd4 4. Nxd4 e6 5. Be3 Nf6 6. Nd2 d6 7. f3 Be7 8. Qe2 0-0 9. g4 d5 10. 0-0-0 dxe4 11. Nxe4 Qa5 12. Nc3 Nb4 13. a3 Nbd5 14. Nxd5 Nxd5 15. Nb3 Qc7 16. Bd4 Bd7 17. Qe5 Qxe5 18. Bxe5 Rac8 19. Bd3 Ba4 20. Nd4 Rfd8 21. Bb5 Bxb5 22. Nxb5 a6 23. Nc3 Ne3 24. Rxd8+ Rxd8 25. Bf4 Nc4 26. Ne4 Kf8 27. a4 Rd5 28. b3 Nb6 29. Nc3 Rd7 30. Rd1 Ba3+ 31. Kb1 Rxd1+ 32. Nxd1 Nd5 33. Bd2 Bd6 34. h3 Ke7 35. Nf2 Nf4 36. h4 f5 37. c3 g6 38. Kc2 Kd7 39. b4 h5 40. gxh5 Nxh5 41. Nd3 e5 42. c4 Ke6 43. Kb3 e4 44. fxe4 fxe4 45. Nf2 Kf5 46. c5 Be7 47. Kc4 Bxh4 48. Nd1 Nf6 49. b5 axb5+ 50. axb5 Ke6 51. Nc3 g5 52. Kd4 Bf2+ 53. Be3 Bxe3+ 54. Kxe3 Nd5+ 55. Nxd5 Kxd5 1/2-1/2

[Event "Rowy Jantar op"]
[Site "Rowy"]
[Date "2000.06.??"]
[Round "?"]
[White "Winter, Jacek"]
[Black "Flis, Pawel"]
[Result "0-1"]
[WhiteElo "2000"]
[BlackElo "2071"]
[PlyCount "82"]
[EventDate "2000.06.??"]
[EventType "swiss"]
[EventRounds "9"]
[EventCountry "POL"]
[SourceTitle "EXT 2005"]
[Source "ChessBase"]
[SourceDate "2004.11.15"]
[SourceVersion "1"]
[SourceVersionDate "2004.11.15"]
[SourceQuality "1"]

1. e4 c5 2. Nf3 d6 3. d4 cxd4 4. Nxd4 Nf6 5. Nc3 a6 6. Be3 e5 7. Nb3 Be6 8. f3 Nbd7 9. Qd2 Be7 10. 0-0-0 b5 11. g4 h6 12. h4 Nb6 13. Na5 Qc7 14. Qf2 Nfd7 15. Bxb5 axb5 16. Nxb5 Qb8 17. Nc6 Qb7 18. Bxb6 Nxb6 19. Nxe7 Nc4 20. Nxd6+ Nxd6 21. Rxd6 Qxe7 22. Rhd1 0-0 23. a3 Rfc8 24. Kb1 Qc7 25. R6d3 Rab8 26. Qd2 Qb6 27. Qc1 Qc5 28. g5 h5 29. g6 fxg6 30. Rg1 Bf7 31. Rg5 Qc4 32. b3 Qc5 33. Qb2 Qe7 34. Rxe5 Qxh4 35. Red5 Bxd5 36. exd5 Qe1+ 37. Ka2 Qe2 38. Kb1 h4 39. b4 h3 40. Qc1 h2 41. Rd2 Qxd2 0-1